Fils De Pionnier /

Spremljeno u:
Bibliografski detalji
Glavni autor: O.E Rolvaag
Format: Knjiga
Jezik:Vietnamese
Izdano: Paris : Noveaux Horizons , 1965
Teme:
Oznake: Dodaj oznaku
Bez oznaka, Budi prvi tko označuje ovaj zapis!
Thư viện lưu trữ: Thư viện Trường CĐ Kỹ Thuật Cao Thắng
LEADER 00536nam a2200181 a 4500
001 TVCDKTCT3679
003 Thư viện trường Cao đẳng Kỹ thuật Cao Thắng
005 20051010000000
008 051010
980 \ \ |a Thư viện Trường CĐ Kỹ Thuật Cao Thắng 
024 |a RG_1 #1 eb0 i1 
041 0 # |a vie 
082 # # |a 840 /   |b R400V-f 
100 1 # |a O.E Rolvaag 
245 0 0 |a Fils De Pionnier /  |c O.E Rolvaag 
260 # # |a Paris :  |b Noveaux Horizons ,  |c 1965 
300 # # |a 149tr. ;  |c 17,5cm 
650 # 4 |a Văn học Pháp